[Event "GER-ch Net blitz qual2"]
[Site "Playchess.com INT"]
[Date "2020.03.16"]
[Round "4"]
[White "Elbern, Thomas"]
[Black "Braun, Christian1"]
[Result "0-1"]
[WhiteElo "2086"]
[BlackElo "2407"]
[PlyCount "44"]
[EventDate "2020.03.16"]
[EventType "swiss (blitz)"]
[EventRounds "9"]
[EventCountry "GER"]
[SourceTitle "CBM 195 Extra"]
[Source "ChessBase"]
[SourceDate "2020.05.31"]
[SourceVersion "1"]
[SourceVersionDate "2020.05.31"]
[SourceQuality "1"]

1. e4 e6 2. d4 d5 3. Nc3 Nf6 4. exd5 exd5 5. Bg5 Be7 6. Bd3 Ne4 7. Bxe7 Nxc3 8. Bxd8 Nxd1 9. Bxc7 Nxb2 10. Kd2 Nxd3 11. Kxd3 Bf5+ 12. Kd2 Nc6 13. c3 Kd7 14. Bf4 Na5 15. Nf3 f6 16. Rhe1 Nc4+ 17. Ke2 Rac8 18. Rac1 Nb2 19. Nh4 Rhe8+ 20. Kd2 Nc4+ 21. Kd1 Be4 22. f3 Bd3 0-1